000
00280nam a22001337a 4500
008
181018b xxu||||| |||| 00| 0 eng d
020
_a
9781605296470
041
_a
eng
080
_a
712
100
_a
41
101
_a
ART
245
_a
On The Grid
_c
Huler.S
942
_2
udc
_c
BK
999
_c
50104
_d
50104